[Event "ch-FRA Blitz Online Qual"]
[Site "Europe-Chess INT"]
[Date "2020.05.16"]
[Round "14"]
[White "Vine, Guillaume"]
[Black "Ghazaryan, Gurgen"]
[Result "1-0"]
[WhiteElo "1824"]
[BlackElo "1403"]
[WhiteFideId "20654219"]
[BlackFideId "45137609"]
[EventDate "2020.05.16"]

1. d4 Nf6 2. c4 e6 3. Nc3 d5 4. Nf3 c5 5. cxd5 exd5 6. e3 Nc6 7. Bd3 Bg4 8. dxc5
Bxc5 9. O-O O-O 10. Bd2 Ne5 11. Be2 Bxf3 12. Bxf3 Nxf3+ 13. Qxf3 d4 14. exd4
Qxd4 15. Be3 Qc4 16. Rfe1 Bxe3 17. Rxe3 b5 18. a3 a5 19. Rae1 b4 20. Ne4 Nd5 21.
Nd6 Qc6 22. Rd3 Qxd6 23. Rxd5 Qg6 24. Red1 Qc2 25. R5d2 Qc4 26. h3 bxa3 27. bxa3
Rab8 28. Rd4 Qb3 29. Qxb3 Rxb3 30. Ra4 Ra8 31. Rd5 f6 32. Rdxa5 Rxa5 33. Rxa5
Rb1+ 34. Kh2 Ra1 35. Ra7 h6 36. Kg3 Kh7 37. f4 Kg6 38. Kg4 Ra2 39. g3 h5+ 40.
Kf3 Kh6 41. g4 h4 42. Ra6 Kg6 43. g5 Kf5 44. Ra5+ Kg6 45. gxf6 gxf6 46. Kg4 Rf2
47. f5+ Kh6 48. Kxh4 Ra2 49. Ra6 Kg7 50. Kg4 Rg2+ 51. Kf3 Rg1 52. Ke4 Re1+ 53.
Kd5 Re5+ 54. Kd6 Rxf5 55. a4 Rf3 56. Ra7+ Kg6 57. a5 Rxh3 58. a6 Rd3+ 59. Kc5 f5
60. Ra8 f4 61. Rg8+ Kf7 62. a7 Ra3 63. a8=Q Rxa8 64. Rxa8 Kf6 65. Kd4 Kg5 66.
Ke4 Kg4 67. Rg8+ Kh3 68. Kxf4 Kh2 69. Kf3 Kh1 70. Rg7 Kh2 71. Rg8 Kh1 72. Kf2
Kh2 73. Rh8# 1-0

[Event "ch-FRA Blitz Online Qual"]
[Site "Europe-Chess INT"]
[Date "2020.05.16"]
[Round "14"]
[White "Cadieu, Corentin"]
[Black "Mallevaey, Guillaume"]
[Result "0-1"]
[WhiteElo "1524"]
[BlackElo "1823"]
[WhiteFideId "26023180"]
[BlackFideId "26026120"]
[EventDate "2020.05.16"]

1. d4 d5 2. Bf4 Nf6 3. Nf3 c5 4. e3 Nc6 5. c3 Qb6 6. Qc1 Bf5 7. Nbd2 e6 8. Be2
Be7 9. O-O O-O 10. Ne5 Nxe5 11. Bxe5 Nd7 12. Bg3 Rac8 13. Nf3 cxd4 14. exd4 h6
15. Qd2 Be4 16. Ne5 Nxe5 17. Bxe5 Bd6 18. Bxd6 Qxd6 19. Bd3 Bxd3 20. Qxd3 Rc4
21. b3 Rc6 22. c4 dxc4 23. bxc4 Rfc8 24. c5 Rxc5 25. Qa3 Qxd4 26. Qxa7 Qb4 27.
Rab1 Qxb1 28. Qxc5 Qxf1+ 29. Kxf1 0-1

[Event "ch-FRA Blitz Online Qual"]
[Site "Europe-Chess INT"]
[Date "2020.05.16"]
[Round "14"]
[White "Hassler, Tim"]
[Black "Sabapathee, Florian"]
[Result "0-1"]
[WhiteElo "1933"]
[BlackElo "1444"]
[WhiteFideId "36052566"]
[BlackFideId "45195951"]
[EventDate "2020.05.16"]

1. e4 c5 2. Nf3 e6 3. c4 Nc6 4. Nc3 Nf6 5. d4 cxd4 6. Nxd4 Bb4 7. Nb5 Nxe4 8.
Bd2 Nxc3 9. Bxc3 Bxc3+ 10. bxc3 O-O 11. Nd6 Qa5 12. Qd3 Qe5+ 13. Be2 b6 14. Rd1
Ba6 15. Qf3 Na5 16. O-O f5 17. Rfe1 Qc5 18. Qf4 e5 19. Qh4 e4 20. Qe7 Nxc4 21.
Qxd7 Nxd6 22. Bxa6 Rad8 23. Qe6+ Kh8 24. Qb3 Nc8 25. Bc4 Nd6 26. Be6 Nb5 27. c4
Nd4 28. Qc3 Nxe6 29. Kf1 Rxd1 30. Rxd1 Rd8 31. Rxd8+ Nxd8 32. Ke2 Kg8 33. f3 Kf7
34. fxe4 fxe4 35. Qc2 Qd4 36. Qb3 Qd3+ 37. Qxd3 exd3+ 38. Kxd3 Ke6 39. Kd4 Kd6
40. a4 Nc6+ 41. Ke4 Nb4 42. Kf5 Kc5 43. g4 Kxc4 44. Ke6 b5 45. Kf7 bxa4 46. Kxg7
a3 47. Kxh7 a2 48. g5 a1=Q 49. g6 Qh1 50. g7 Qxh2+ 51. Kg8 a5 52. Kf8 Qg2 53.
g8=Q+ Qxg8+ 54. Kxg8 a4 0-1

[Event "ch-FRA Blitz Online Qual"]
[Site "Europe-Chess INT"]
[Date "2020.05.16"]
[Round "14"]
[White "Gatineau, Milann"]
[Black "Revel, Adrien"]
[Result "0-1"]
[WhiteElo "1390"]
[BlackElo "1859"]
[WhiteFideId "36044199"]
[BlackFideId "624179"]
[EventDate "2020.05.16"]

1. d4 Nf6 2. Bf4 d5 3. Nf3 c5 4. c3 Nc6 5. e3 Qb6 6. Qb3 c4 7. Qxb6 axb6 8. Nbd2
b5 9. Be2 b4 10. O-O Bf5 11. Nh4 Bd7 12. Rfe1 b5 13. Nhf3 e6 14. Ne5 Be7 15. a3
bxa3 16. bxa3 Nxe5 17. dxe5 Ne4 18. Nxe4 dxe4 19. f3 Bc6 20. Reb1 Ra5 21. Rb2
O-O 22. Rba2 Rfa8 23. Rd1 Rxa3 24. Rxa3 Rxa3 25. Rc1 Ra2 26. Kf2 Kf8 27. Ke1
exf3 28. gxf3 Bc5 29. Rd1 Ke7 30. Rd2 Ra3 31. Rc2 Bd5 32. Kd2 b4 33. cxb4 Bxb4+
34. Kc1 c3 35. e4 Bb3 36. Rxc3 Bxc3 37. Bd3 Ra1+ 38. Bb1 Ba2 39. Kc2 Bxb1+ 40.
Kxc3 Ra8 41. Kb2 Bd3 42. Kc3 Be2 43. Kd2 Bxf3 44. Ke3 Bh1 45. h4 Ra4 46. Bg5+ f6
47. exf6+ gxf6 48. Bf4 Rxe4+ 0-1

[Event "ch-FRA Blitz Online Qual"]
[Site "Europe-Chess INT"]
[Date "2020.05.16"]
[Round "14"]
[White "Rouast, Joseph"]
[Black "Lovichi, Raphael"]
[Result "1-0"]
[WhiteElo "1808"]
[BlackElo "1406"]
[WhiteFideId "45147000"]
[BlackFideId "45172935"]
[EventDate "2020.05.16"]

1. d4 Nf6 2. c4 e6 3. Nf3 Bb4+ 4. Bd2 Qe7 5. g3 d6 6. Bg2 Nbd7 7. Bxb4 O-O 8.
O-O a5 9. Bc3 Nb6 10. Nbd2 d5 11. cxd5 Nbxd5 12. e4 Nxc3 13. bxc3 c6 14. Qc2 b6
15. Rab1 b5 16. e5 Nd5 17. Ne4 Bd7 18. Nfg5 h6 19. Nf6+ Nxf6 20. exf6 hxg5 21.
fxe7 Rfe8 22. c4 Rxe7 23. cxb5 Rc8 24. bxc6 Bxc6 25. Bxc6 Rec7 26. Rb6 1-0

[Event "ch-FRA Blitz Online Qual"]
[Site "Europe-Chess INT"]
[Date "2020.05.16"]
[Round "14"]
[White "Migus, Ethan"]
[Black "Laville, Renaud"]
[Result "1/2-1/2"]
[WhiteElo "1084"]
[BlackElo "1774"]
[WhiteFideId "551047594"]
[BlackFideId "640247"]
[EventDate "2020.05.16"]

1. e4 c5 2. Nc3 Nc6 3. Bb5 Nd4 4. Bc4 e6 5. Nf3 Nxf3+ 6. Qxf3 d6 7. Bb5+ Bd7 8.
Bxd7+ Qxd7 9. O-O Be7 10. Rd1 Nf6 11. d4 cxd4 12. Rxd4 Qc7 13. Bg5 a6 14. Rad1
Rd8 15. Qd3 e5 16. Rc4 Qb8 17. Bxf6 Bxf6 18. Nd5 O-O 19. Nxf6+ gxf6 20. Qg3+ Kh8
21. Qh4 Rg8 22. Qxf6+ Rg7 23. Rd3 b5 24. Rcc3 Rg8 25. Qxd6 Rxg2+ 26. Kf1 Rg1+
27. Ke2 Qxd6 28. Rxd6 R8g6 29. Rc8+ Kg7 30. Rcc6 Rxd6 31. Rxd6 Rb1 32. b3 Rb2
33. Rxa6 Rxc2+ 34. Kf3 b4 35. Ra5 f6 36. Rb5 Rxa2 37. Rxb4 Kg6 38. Rb7 h5 39. b4
Ra3+ 40. Kg2 Kg5 41. Rg7+ Kf4 42. Rh7 Kxe4 43. Rxh5 f5 44. Rh4+ f4 45. Rh8 Rb3
46. Rb8 f3+ 47. Kg3 Kd4 48. b5 e4 49. b6 e3 50. fxe3+ Kxe3 51. b7 f2 52. Re8+
Kd2+ 53. Kxf2 Rxb7 54. Re2+ Kd3 55. Re3+ Kd4 56. Ke2 Rb2+ 57. Kf3 Rxh2 58. Re4+
Kd3 59. Re3+ Kd2 60. Re8 Rh1 61. Kf4 Rf1+ 62. Kg3 Rg1+ 63. Kf2 Rg7 64. Kf3 Rf7+
65. Kg4 Rf1 66. Kg5 Rg1+ 67. Kh4 Rh1+ 68. Kg3 Rg1+ 69. Kf2 Rg7 70. Kf3 Kd3 71.
Rd8+ Kc4 72. Ke4 Re7+ 73. Kf5 Kc5 74. Kf6 Re1 75. Kf7 Kc6 76. Re8 Rf1+ 77. Kg6
Kd7 78. Re2 Rf8 79. Kg5 Rg8+ 80. Kh6 Kd6 81. Kh7 Rg1 82. Kh6 Kd5 83. Kh5 Kd4 84.
Kh4 Kd3 85. Re8 Rg7 86. Kh5 Rg2 87. Kh4 Rg1 88. Kh3 Rg7 89. Kh4 Kd4 90. Kh5 Rg1
91. Kh4 Kd5 92. Kh3 Kd6 93. Kh2 Rg7 94. Kh3 Kd7 95. Re2 Rh7+ 96. Kg4 Rg7+ 97.
Kh5 Rh7+ 98. Kg6 Rh1 99. Kg5 Rg1+ 100. Kh4 Kd6 101. Kh3 Rg7 102. Kh4 Rh7+ 103.
Kg5 Re7 104. Rxe7 Kxe7 1/2-1/2

[Event "ch-FRA Blitz Online Qual"]
[Site "Europe-Chess INT"]
[Date "2020.05.16"]
[Round "14"]
[White "Carlier-Bromberg, Paul"]
[Black "Dazi, Adam"]
[Result "0-1"]
[WhiteElo "1790"]
[BlackElo "1336"]
[WhiteFideId "36099155"]
[BlackFideId "45106959"]
[EventDate "2020.05.16"]

1. e4 e5 2. Nf3 Nc6 3. Bc4 Be7 4. Nc3 Nf6 5. d4 d6 6. d5 Nb8 7. O-O Bg4 8. h3
Bh5 9. Be2 Nbd7 10. Be3 O-O 11. Nd2 Bxe2 12. Qxe2 h6 13. f4 c6 14. fxe5 dxe5 15.
Nb3 cxd5 16. exd5 Bb4 17. Rad1 Nb6 18. Bxb6 Qxb6+ 19. Kh1 Bxc3 20. bxc3 e4 21.
d6 Rfd8 22. d7 Qc6 23. Na5 Qxc3 24. Nxb7 Rxd7 25. Rxd7 Nxd7 26. Qxe4 Nf6 27. Qd3
Qxd3 28. cxd3 Rb8 29. Nc5 Rb2 30. a4 Rc2 31. d4 Rc4 32. Rd1 Kf8 33. a5 Ke7 34.
a6 Kd6 35. Nb7+ Kd5 36. Na5 Ne4 37. Kg1 Ra4 38. Nb7 Rxd4 39. Rxd4+ Kxd4 40. Na5
Kc5 41. Kf1 Kb6 42. Nc4+ Kxa6 43. Ne5 f6 44. Ng6 Kb5 45. Nf8 Ng5 46. h4 Nf7 47.
Ne6 g5 48. hxg5 fxg5 49. Ke2 a5 50. Kd3 Kb4 51. Ng7 Kb3 52. Nf5 a4 53. Nd4+ Kb2
54. Nf3 a3 55. Nd2 a2 56. Nc4+ Kb1 57. Na3+ Kb2 58. Nc4+ Kc1 59. Nd2 Ne5+ 60.
Ke2 Kc2 61. g4 a1=Q 62. Nb3 Qd1+ 63. Kf2 Nd3+ 64. Kg2 Qxg4+ 65. Kf1 Qf4+ 66. Kg1
Qg3+ 67. Kh1 Nf2# 0-1

[Event "ch-FRA Blitz Online Qual"]
[Site "Europe-Chess INT"]
[Date "2020.05.16"]
[Round "14"]
[White "Minde, Timothe"]
[Black "Denjoy, Arnaud"]
[Result "0-1"]
[WhiteElo "1075"]
[BlackElo "2166"]
[WhiteFideId "551015579"]
[BlackFideId "26071185"]
[EventDate "2020.05.16"]

1. e4 c5 2. Nf3 Nc6 3. d4 cxd4 4. Nxd4 Nf6 5. Nc3 e5 6. Nxc6 dxc6 7. Qxd8+ Kxd8
8. Bc4 Be6 9. Bxe6 fxe6 10. Bg5 Bb4 11. f3 Ke7 12. O-O-O Rhd8 13. g3 h6 14.
Bxf6+ gxf6 15. f4 Bxc3 16. bxc3 exf4 17. gxf4 Rxd1+ 18. Rxd1 Rd8 19. Rxd8 Kxd8
20. Kd2 Kd7 21. Kd3 Kd6 22. Kd4 e5+ 23. fxe5+ fxe5+ 24. Kd3 Kc5 25. a3 h5 26. h4
Kb5 27. Kd2 Kc4 28. Kc1 Kxc3 29. a4 c5 30. a5 b5 31. a6 b4 32. Kb1 c4 33. Kc1 b3
34. cxb3 cxb3 35. Kb1 b2 36. Ka2 Kc2 37. Ka3 b1=Q 38. Ka4 Qb6 39. Ka3 Qb3# 0-1

[Event "ch-FRA Blitz Online Qual"]
[Site "Europe-Chess INT"]
[Date "2020.05.16"]
[Round "14"]
[White "Bui, Christopher"]
[Black "Mezouaghi, Miloud"]
[Result "1-0"]
[WhiteElo "1849"]
[BlackElo "1999"]
[WhiteFideId "45107998"]
[BlackFideId "612634"]
[EventDate "2020.05.16"]

1. c4 e5 2. g3 Nf6 3. Bg2 Bc5 4. Nc3 d6 5. Nf3 O-O 6. O-O c6 7. d3 Bb6 8. b4 h6
9. a4 Bg4 10. a5 Bc7 11. Bd2 Qc8 12. b5 Bh3 13. Qb3 Bxg2 14. Kxg2 Nbd7 15. Rfb1
Nc5 16. Qc2 Qe6 17. e3 Rac8 18. d4 exd4 19. exd4 Nce4 20. Nxe4 Qxe4 21. Qxe4
Nxe4 22. bxc6 bxc6 23. Rb7 Bb8 24. a6 f6 25. Rab1 d5 26. c5 g5 27. Ba5 h5 28.
Ne1 f5 29. Nd3 f4 30. R1b2 f3+ 31. Kf1 Rfe8 32. Be1 1-0

[Event "ch-FRA Blitz Online Qual"]
[Site "Europe-Chess INT"]
[Date "2020.05.16"]
[Round "14"]
[White "Ritzenthaler, Stephane"]
[Black "Stoll, Lucia"]
[Result "1-0"]
[WhiteElo "1988"]
[BlackElo "1561"]
[WhiteFideId "638080"]
[BlackFideId "45133301"]
[EventDate "2020.05.16"]

1. e4 e5 2. Nf3 Nc6 3. d4 exd4 4. Bc4 Nf6 5. O-O Nxe4 6. Re1 d5 7. Bxd5 Qxd5 8.
Nc3 Qh5 9. Nxe4 Be6 10. Neg5 O-O-O 11. Nxe6 fxe6 12. Rxe6 Bd6 13. Bd2 Rhf8 14.
h3 h6 15. Ne1 Qf5 16. Re2 d3 17. Nxd3 Nd4 18. Re3 Qxf2+ 19. Nxf2 Bf4 20. Qg4+
Kb8 21. Rd3 Nxc2 22. Qxf4 Nxa1 23. Rxd8+ Rxd8 24. Qf7 b6 25. Bf4 Nc2 26. Qxc7+
Ka8 27. Qc6# 1-0

[Event "ch-FRA Blitz Online Qual"]
[Site "Europe-Chess INT"]
[Date "2020.05.16"]
[Round "14"]
[White "Lambach, Maxime"]
[Black "Bonelli Maestracci, Pierre Joseph"]
[Result "0-1"]
[WhiteElo "1980"]
[BlackElo "1545"]
[WhiteFideId "36056880"]
[BlackFideId "45172870"]
[EventDate "2020.05.16"]

1. e4 e5 2. Nf3 Nc6 3. Bb5 d6 4. O-O Bd7 5. Re1 Nf6 6. c3 g6 7. h3 Bg7 8. d4
exd4 9. cxd4 O-O 10. Nc3 Re8 11. Bg5 a6 12. Bxc6 Bxc6 13. e5 dxe5 14. Nxe5 Qd6
15. Qd2 Nd7 16. Nxc6 bxc6 17. Rad1 Nf8 18. Bf4 Qd7 19. Rxe8 Rxe8 20. Kf1 Ne6 21.
Be3 Rd8 22. Ne4 f5 23. Nc5 Nxc5 24. dxc5 Qxd2 25. Rxd2 Rxd2 26. Bxd2 Bxb2 27.
Bf4 Bd4 28. Bxc7 Bxc5 29. Ke2 Kf7 30. f3 Ke6 31. Kd3 Kd5 32. Bf4 Be7 33. g4 fxg4
34. hxg4 c5 35. a4 c4+ 36. Kc3 a5 37. Bc7 Bb4+ 38. Kc2 Kd4 39. Bb6+ Ke5 40. Bc7+
Kf6 41. Bf4 h5 42. gxh5 gxh5 43. Bc7 Ke6 44. Bd8 Kf5 45. Bc7 h4 46. Kd1 c3 47.
Bb8 h3 48. Bh2 Ke6 49. Kc2 Kd5 50. Bg1 Ke5 51. Bh2+ Kf5 52. Bg3 Kg5 53. Bh2 Kf5
54. Bg3 Ke6 55. Bh2 Kd5 56. Bg3 Kc4 57. Be5 Bc5 58. f4 h2 59. f5 h1=Q 60. f6
Qe4+ 0-1

[Event "ch-FRA Blitz Online Qual"]
[Site "Europe-Chess INT"]
[Date "2020.05.16"]
[Round "14"]
[White "Blanchard, Samuel"]
[Black "Spano, Remy"]
[Result "1-0"]
[WhiteElo "1921"]
[BlackElo "1662"]
[WhiteFideId "36023990"]
[BlackFideId "26092948"]
[EventDate "2020.05.16"]

1. e4 e6 2. b3 d5 3. Bb2 dxe4 4. Nc3 f5 5. f3 exf3 6. Nxf3 Nf6 7. Bc4 Bd6 8. Qe2
Qe7 9. O-O-O e5 10. Nd5 Nxd5 11. Bxd5 Nc6 12. Rhe1 e4 13. Bxc6+ bxc6 14. Qc4 Bd7
15. Nd4 c5 16. Nb5 Bxb5 17. Qxb5+ Qd7 18. Qc4 O-O-O 19. Kb1 Bxh2 20. Qxc5 Bd6
21. Qxa7 c6 22. Qa8+ Bb8 23. d3 exd3 24. Rxd3 Qb7 25. Rxd8+ Rxd8 26. Qa5 Bg3 27.
Qxf5+ Qd7 28. Qxd7+ Rxd7 29. Rf1 g6 30. a4 Rd2 31. Rf8+ Kb7 32. Rf7+ Kb6 33.
Rxh7 Rxg2 34. Rg7 Rg1+ 35. Ka2 Bd6 36. Bc3 g5 37. a5+ Ka6 38. Rg6 Rg2 39. Rxd6
Rxc2+ 40. Ka3 Rxc3 41. Kb4 Rc2 42. Rg6 Rg2 43. Rxc6+ Kb7 44. Rg6 g4 45. Kb5 g3
46. b4 Rg1 47. a6+ Ka7 48. Rg7+ Kb8 49. Kb6 Kc8 50. a7 g2 51. a8=Q# 1-0

[Event "ch-FRA Blitz Online Qual"]
[Site "Europe-Chess INT"]
[Date "2020.05.16"]
[Round "14"]
[White "Ben Mohamed, Kader"]
[Black "Sumarriva Paulin, Laura"]
[Result "0-1"]
[BlackTitle "WFM"]
[WhiteElo "1591"]
[BlackElo "2023"]
[WhiteFideId "45118523"]
[BlackFideId "45102635"]
[EventDate "2020.05.16"]

1. b3 d5 2. Bb2 Nf6 3. f4 e6 4. Nf3 c5 5. e3 Nc6 6. Bb5 Qc7 7. Bxc6+ Qxc6 8. Ne5
Qc7 9. O-O Be7 10. d3 O-O 11. Qe1 b5 12. Nd2 Ba6 13. Qg3 c4 14. bxc4 bxc4 15.
dxc4 dxc4 16. Bd4 c3 17. Nec4 cxd2 18. Be5 Qxc4 19. Rf3 Qxc2 20. Raf1 Bxf1 21.
Qg5 d1=Q 22. Rxf1 Qdd3 23. h4 Qxe3+ 24. Kh1 Qee2 25. h5 Qxf1+ 26. Kh2 Nxh5 27.
Qg4 Qfxg2+ 28. Qxg2 Qxg2+ 29. Kxg2 f6 0-1

[Event "ch-FRA Blitz Online Qual"]
[Site "Europe-Chess INT"]
[Date "2020.05.16"]
[Round "14"]
[White "El Barbry, Sarah"]
[Black "Mataigne, Jean-Michel"]
[Result "0-1"]
[WhiteElo "1779"]
[BlackElo "1900"]
[WhiteFideId "26051419"]
[BlackFideId "618250"]
[EventDate "2020.05.16"]

1. e4 d6 2. d4 Nf6 3. c3 Nxe4 4. Bd3 d5 5. Nd2 Nxd2 6. Bxd2 g6 7. Nf3 Bg7 8. O-O
O-O 9. Ne5 f6 10. Ng4 Bxg4 11. Qxg4 Nc6 12. h4 e5 13. h5 f5 14. Qg3 e4 15. Be2
Qe8 16. Qxc7 Qf7 17. Qf4 Rae8 18. Be3 h6 19. hxg6 Qxg6 20. a4 Rf6 21. Qh4 Ref8
22. Bh5 Qh7 23. Bf4 Ne7 24. a5 Ng6 25. Bxg6 Qxg6 26. Be5 R6f7 27. Bxg7 Rxg7 28.
g3 f4 29. Kh2 fxg3+ 30. fxg3 Rf3 31. Rxf3 exf3 32. Rf1 Qc2+ 33. Kh3 Qg2# 0-1

[Event "ch-FRA Blitz Online Qual"]
[Site "Europe-Chess INT"]
[Date "2020.05.16"]
[Round "14"]
[White "Buttard, Axel"]
[Black "Fondrat, Johan"]
[Result "1-0"]
[WhiteElo "1883"]
[BlackElo "1509"]
[WhiteFideId "36052523"]
[BlackFideId "45156069"]
[EventDate "2020.05.16"]

1. d4 d5 2. Bf4 Bf5 3. e3 Nf6 4. c4 c6 5. Qb3 Qd7 6. Nf3 b6 7. Nc3 e6 8. Ne5 Qd8
9. cxd5 cxd5 10. Bb5+ Nbd7 11. O-O Be7 12. Nc6 Qc8 13. Nxe7 Kxe7 14. Qa3+ Ke8
15. Rac1 Qd8 16. Bc6 Rc8 17. Nb5 Ne4 18. f3 Nc5 19. Nd6+ Kf8 20. Nxc8 Qxc8 21.
dxc5 Qxc6 22. cxb6+ Nc5 23. Rxc5 Qxb6 1-0

[Event "ch-FRA Blitz Online Qual"]
[Site "Europe-Chess INT"]
[Date "2020.05.16"]
[Round "14"]
[White "Evrin, Selvam"]
[Black "Gandreuil, Brice"]
[Result "1-0"]
[WhiteElo "1882"]
[BlackElo "1500"]
[WhiteFideId "36094404"]
[BlackFideId "36078425"]
[EventDate "2020.05.16"]

1. e4 e6 2. d4 d5 3. Nc3 Nf6 4. e5 Nfd7 5. f4 c5 6. Nf3 Nc6 7. Be3 Qb6 8. Qd2
Be7 9. Na4 Qc7 10. Nxc5 Nxc5 11. dxc5 Kf8 12. b4 a6 13. c3 f6 14. exf6 Bxf6 15.
Nd4 Nxd4 16. Bxd4 Bxd4 17. Qxd4 Kf7 18. Bd3 Rf8 19. Bxh7 Ke7 20. O-O Bd7 21.
Qxg7+ Rf7 22. Qg5+ Rf6 23. f5 Rf8 24. fxe6 Bxe6 25. Rxf6 Rxf6 26. Rf1 b6 27.
Qxf6+ Kd7 28. Re1 bxc5 29. Qxe6+ Kd8 30. Qe8# 1-0

[Event "ch-FRA Blitz Online Qual"]
[Site "Europe-Chess INT"]
[Date "2020.05.16"]
[Round "14"]
[White "Dimey, Cyrille"]
[Black "Ogier, Arnaud"]
[Result "1-0"]
[WhiteElo "1871"]
[BlackElo "1569"]
[WhiteFideId "20658273"]
[BlackFideId "45196494"]
[EventDate "2020.05.16"]

1. d4 d5 2. c4 e6 3. Nc3 Nf6 4. cxd5 exd5 5. Bg5 Be7 6. e3 h6 7. Bh4 O-O 8. Qc2
c6 9. Bd3 Re8 10. h3 Na6 11. a3 Nc7 12. Nf3 c5 13. dxc5 Bxc5 14. O-O Ne6 15. Bb5
Bd7 16. Bxd7 Qxd7 17. Bxf6 gxf6 18. Nd4 Bxd4 19. exd4 Nxd4 20. Qd2 Nf5 21. Qxd5
Qxd5 22. Nxd5 Re7 23. Nxe7+ Nxe7 24. Rfd1 Ng6 25. Rd7 b6 26. Rc1 Ne5 27. Rdc7 a5
28. Rc8+ Rxc8 29. Rxc8+ Kg7 30. b3 f5 31. Rb8 Nd7 32. Rb7 Nc5 33. Rxb6 Kf8 34.
b4 axb4 35. axb4 Nd7 36. Rxh6 1-0

[Event "ch-FRA Blitz Online Qual"]
[Site "Europe-Chess INT"]
[Date "2020.05.16"]
[Round "14"]
[White "Hetier, Thomas"]
[Black "Afraoui, Solenn"]
[Result "1-0"]
[WhiteElo "1598"]
[BlackElo "1889"]
[WhiteFideId "45146586"]
[BlackFideId "625167"]
[EventDate "2020.05.16"]

1. f4 d5 2. Nf3 g6 3. g3 Bg7 4. Bg2 c6 5. O-O Nf6 6. d3 O-O 7. Nbd2 Qb6+ 8. Kh1
Ng4 9. c3 Nf2+ 10. Rxf2 Qxf2 11. e4 dxe4 12. Nxe4 Qb6 13. Ne5 Nd7 14. Nc4 Qc7
15. Qe2 Nf6 16. Ng5 h6 17. Ne4 Nxe4 18. Bxe4 Be6 19. Ne5 Bd5 20. d4 Bxe4+ 21.
Qxe4 c5 22. Be3 cxd4 23. Bxd4 Rad8 24. Kg1 a6 25. Rd1 Qc4 26. Nxc4 e5 27. Nxe5
b5 28. Nc6 Rde8 29. Qf3 Re6 30. Bxg7 Kxg7 31. Nd4 Re7 32. f5 Re5 33. f6+ Kh7 34.
Kg2 Rd8 35. Rd2 Red5 36. Kf2 R8d6 37. Ke2 Rd8 38. Kd1 R8d7 39. h4 h5 40. g4 hxg4
41. Qxg4 Rd8 42. Rh2 Rh5 43. Kc2 Rdd5 44. Qc8 1-0

[Event "ch-FRA Blitz Online Qual"]
[Site "Europe-Chess INT"]
[Date "2020.05.16"]
[Round "14"]
[White "Desarmaux-Do, Yanis-Huy"]
[Black "Pierre, Timothee"]
[Result "0-1"]
[WhiteElo "1803"]
[BlackElo "1858"]
[WhiteFideId "45118299"]
[BlackFideId "643076"]
[EventDate "2020.05.16"]

1. Nf3 f5 2. d3 Nf6 3. e4 d6 4. exf5 Bxf5 5. Be2 e5 6. d4 e4 7. Nh4 Be6 8. Bg5
d5 9. O-O Bd6 10. Bh5+ g6 11. Nxg6 hxg6 12. Bxg6+ Kf8 13. f3 e3 14. Bxe3 Bxh2+
15. Kf2 Kg7 16. Bd3 Qd6 17. Ke2 Nc6 18. Qd2 Rag8 19. g4 Nxg4 20. fxg4 Bxg4+ 21.
Ke1 Bg3+ 22. Bf2 Re8+ 23. Be2 Rxe2+ 24. Qxe2 Bxe2 25. Kxe2 Bxf2 26. Rxf2 Nxd4+
27. Kd2 Re8 28. Nc3 Qh6+ 29. Kd3 Qe3# 0-1

[Event "ch-FRA Blitz Online Qual"]
[Site "Europe-Chess INT"]
[Date "2020.05.16"]
[Round "14"]
[White "Martin, Nils"]
[Black "Sallette, Alain"]
[Result "1-0"]
[WhiteElo "1639"]
[BlackElo "1831"]
[WhiteFideId "45160473"]
[BlackFideId "626570"]
[EventDate "2020.05.16"]

1. e4 c5 2. Nf3 d6 3. Bb5+ Bd7 4. Bxd7+ Qxd7 5. c4 Nc6 6. d4 cxd4 7. Nxd4 Nf6 8.
Nc3 e6 9. b3 Be7 10. Bb2 O-O 11. O-O a6 12. Nxc6 bxc6 13. Na4 Rab8 14. e5 dxe5
15. Bxe5 Qxd1 16. Raxd1 Rfd8 17. Nc3 Rbc8 18. Rxd8+ Rxd8 19. Rd1 Rxd1+ 20. Nxd1
Ne4 21. f3 Bc5+ 22. Kf1 Nd2+ 23. Ke2 Nb1 24. Bb2 f6 25. Kd3 Na3 26. Bxa3 Bxa3
27. h3 Kf7 28. Ne3 Ke7 29. Nc2 Bc5 30. b4 Bf2 31. a4 Kd6 32. a5 e5 33. Ke2 Ba7
34. Ne3 g6 35. Ng4 Ke6 36. Kd3 h5 37. Ne3 f5 38. Nc2 g5 39. Na3 Kd7 40. g3 g4
41. hxg4 hxg4 42. fxg4 fxg4 43. b5 cxb5 44. cxb5 axb5 45. Nxb5 Bf2 46. a6 Kc6
47. a7 Kb7 48. Nd6+ Kxa7 49. Nf5 1-0

[Event "ch-FRA Blitz Online Qual"]
[Site "Europe-Chess INT"]
[Date "2020.05.16"]
[Round "14"]
[White "Goyer, Lionel"]
[Black "Moindjie, Nassuf"]
[Result "1-0"]
[WhiteElo "1782"]
[BlackElo "1471"]
[WhiteFideId "20628706"]
[BlackFideId "551098237"]
[EventDate "2020.05.16"]

1. d4 Nf6 2. Nf3 e6 3. Bf4 c5 4. c3 Nc6 5. e3 Be7 6. Nbd2 O-O 7. Bd3 Re8 8. O-O
Nh5 9. Bg3 Nxg3 10. hxg3 d6 11. Qc2 g6 12. Rfd1 Bf6 13. Ne4 Bg7 14. dxc5 d5 15.
Ned2 a5 16. e4 Qe7 17. exd5 exd5 18. Re1 Qf8 19. Rxe8 Qxe8 20. Bb5 Qf8 21. Re1
Be6 22. Bxc6 bxc6 23. Nd4 Bd7 24. b4 axb4 25. N2f3 Qxc5 26. Rc1 bxc3 27. Qxc3
Qxc3 28. Rxc3 Rxa2 29. Rb3 Ra8 30. Rb7 Be8 31. Rc7 Ra6 32. Nb3 Kf8 33. Nc5 Ra5
34. Nb7 Rb5 35. Nd6 Rb1+ 36. Kh2 d4 37. Rc8 Ke7 38. Nxe8 Kd7 39. Rc7+ Kxe8 40.
Rxc6 d3 41. Rd6 Rd1 42. Ng5 h6 43. Ne4 f5 44. Nc5 g5 45. Rxd3 Rxd3 46. Nxd3 Ke7
47. Kg1 Ke6 48. Kf1 Kd5 49. Ke2 g4 50. Nf4+ Ke4 51. Nh5 Bf8 52. Nf6+ Ke5 53.
Nd7+ Ke6 54. Nxf8+ Ke7 55. Ng6+ Kf6 56. Nf4 Kg5 57. Ke3 h5 58. Ne6+ Kg6 59. Nd4
Kg5 60. Nc6 h4 61. gxh4+ Kh5 62. g3 Kg6 63. Kf4 Kf6 64. Nd4 Kg6 65. Nxf5 1-0

[Event "ch-FRA Blitz Online Qual"]
[Site "Europe-Chess INT"]
[Date "2020.05.16"]
[Round "14"]
[White "Sureau, Corentin"]
[Black "LHeritier, Boris"]
[Result "0-1"]
[WhiteElo "1686"]
[BlackElo "1763"]
[WhiteFideId "36067687"]
[BlackFideId "26033003"]
[EventDate "2020.05.16"]

1. e4 g6 2. d4 Bg7 3. Nc3 c6 4. Be3 d5 5. e5 f6 6. Nf3 Bg4 7. h3 Bxf3 8. Qxf3
Nh6 9. O-O-O fxe5 10. dxe5 e6 11. Bd3 Nf7 12. Bd4 O-O 13. Qg3 Nd7 14. Rde1 c5
15. Be3 Nfxe5 16. Bb5 d4 17. Bf4 dxc3 18. Bxe5 cxb2+ 19. Kxb2 Qb6 20. Qb3 Nxe5
21. c3 a6 22. Bc4 Qxb3+ 23. Bxb3 c4 24. Rxe5 Bxe5 25. Bxc4 b5 26. Bxe6+ Kg7 27.
f3 Rfe8 28. Bd5 Rac8 29. Rc1 b4 30. Bb7 Rc7 31. Bxa6 Bxc3+ 32. Kb3 Ra7 33. Bb5
Ra3+ 34. Kc4 Rc8+ 35. Kd5 Ra5 36. a4 bxa3 37. Kd6 Rxb5 38. Kd7 Rbc5 39. Rd1
R8c7+ 40. Kd6 a2 41. f4 a1=Q 42. Rxa1 Bxa1 43. g4 Rc1 44. f5 gxf5 45. gxf5 Kf6
46. Kd5 Kxf5 47. Kd6 R7c2 48. Kd7 Rd1+ 49. Ke7 Kg6 50. h4 Re2+ 51. Kf8 Rd8# 0-1